Natural product radiance. (Record no. 24705)
[ view plain ]
| 000 -LEADER | |
|---|---|
| fixed length control field | 01297cas a2200361 a 4500 |
| 001 - CONTROL NUMBER | |
| control field | 13515565 |
| 005 - DATE AND TIME OF LATEST TRANSACTION | |
| control field | 20071221050228.0 |
| 008 - FIXED-LENGTH DATA ELEMENTS--GENERAL INFORMATION | |
| fixed length control field | 040308c20019999ii br p 0 0eng |
| 010 ## - LIBRARY OF CONGRESS CONTROL NUMBER | |
| LC control number | 2003306072 |
| 022 ## - INTERNATIONAL STANDARD SERIAL NUMBER | |
| International Standard Serial Number | 0972-592X |
| 025 ## - OVERSEAS ACQUISITION NUMBER | |
| Overseas acquisition number | I-D-E-2003-306072; 52-13 |
| 035 ## - SYSTEM CONTROL NUMBER | |
| System control number | (OCoLC)ocm54615461 |
| 037 ## - SOURCE OF ACQUISITION | |
| Source of stock number/acquisition | National Institute of Science Communication, Dr. K S Krishnan Marg, New Delhi-110012 |
| 040 ## - CATALOGING SOURCE | |
| Original cataloging agency | DLC |
| Transcribing agency | DLC |
| Modifying agency | OCoLC |
| -- | DLC |
| 042 ## - AUTHENTICATION CODE | |
| Authentication code | lc |
| 043 ## - GEOGRAPHIC AREA CODE | |
| Geographic area code | a-ii--- |
| 050 ## - LIBRARY OF CONGRESS CALL NUMBER | |
| Classification number | QD415.A1 |
| Item number | N3786 |
| 245 ## - TITLE STATEMENT | |
| Title | Natural product radiance. |
| 246 ## - VARYING FORM OF TITLE | |
| Display text | Subtitle on cover: |
| Title proper/short title | Bimonthly digest on natural products |
| 260 ## - PUBLICATION, DISTRIBUTION, ETC. (IMPRINT) | |
| Place of publication, distribution, etc | New Delhi : |
| Name of publisher, distributor, etc | National Institute of Science Communication, |
| Date of publication, distribution, etc | 2001- |
| 300 ## - PHYSICAL DESCRIPTION | |
| Extent | v. : |
| Other physical details | col. ill. ; |
| Dimensions | 28 cm. |
| 310 ## - CURRENT PUBLICATION FREQUENCY | |
| Current publication frequency | Bimonthly |
| 362 ## - DATES OF PUBLICATION AND/OR SEQUENTIAL DESIGNATION | |
| Dates of publication and/or sequential designation | Began in 2001. |
| 500 ## - GENERAL NOTE | |
| General note | Description based on: Vol. 1, no. 4 (July/Aug. 2002). |
| 650 ## - SUBJECT ADDED ENTRY--TOPICAL TERM | |
| Topical term or geographic name as entry element | Natural products |
| Geographic subdivision | India |
| Form subdivision | Periodicals. |
| 710 ## - ADDED ENTRY--CORPORATE NAME | |
| Corporate name or jurisdiction name as entry element | National Institute of Science Communication (New Delhi, India) |
| 270 ## - ADDRESS | |
| Electronic mail address | mcs@niscair.res.in |
| 906 ## - LOCAL DATA ELEMENT F, LDF (RLIN) | |
| a | 7 |
| b | cbc |
| c | serials |
| d | 3 |
| e | ncip |
| f | 20 |
| g | n-oclcserc |
| 942 ## - ADDED ENTRY ELEMENTS (KOHA) | |
| Source of classification or shelving scheme | Dewey Decimal Classification |
| Item type | Periodicals |
| Serial record | 1 |
| Withdrawn status | Lost status | Source of classification or shelving scheme | Damaged status | Not for loan | Collection code | Home library | Current library | Date acquired | Total Checkouts | Date last seen | Price effective from | Koha item type |
|---|---|---|---|---|---|---|---|---|---|---|---|---|
| Dewey Decimal Classification | Not For Loan | Non-fiction | D.B.Act.Division | D.B.Act.Division | 03/03/2009 | 03/03/2009 | 03/03/2009 | Periodicals |
